[Event "BCF-chT4S 2324 (4NCL)"]
[Site "England"]
[Date "2024.01.07"]
[Round "4.116"]
[White "Mehta, Hatle"]
[Black "Simmons, Michael W"]
[Result "1/2-1/2"]
[WhiteElo "1255"]
[BlackElo "1068"]
[PlyCount "54"]
[EventDate "2024.02.11"]
[EventType "team-swiss"]
[EventRounds "11"]
[EventCountry "ENG"]
[SourceTitle "EXT 2025"]
[Source "ChessBase"]
[SourceDate "2024.10.14"]
[SourceVersion "1"]
[SourceVersionDate "2024.10.14"]
[SourceQuality "1"]
[WhiteTeam "She Plays To Win Uni"]
[BlackTeam "English Deaf Chess Assoc"]
[WhiteTeamCountry "ENG"]
[BlackTeamCountry "ENG"]

1. d4 Nf6 2. Bf4 d6 3. e3 g6 4. Nf3 Bg7 5. Nbd2 0-0 6. Bc4 e6 7. h3 Nbd7 8. 0-0 Nb6 9. c3 Nxc4 10. Nxc4 b5 11. Na5 Qd7 12. a4 bxa4 13. Qxa4 Qxa4 14. Rxa4 Bd7 15. Rc4 Bb5 16. Rxc7 Bxf1 17. Kxf1 Nd5 18. Rd7 Nxf4 19. exf4 e5 20. Nc6 a6 21. Nfxe5 Bxe5 22. fxe5 Kg7 23. Ke2 Rac8 24. Na5 Rfd8 25. Ra7 Ra8 26. Re7 Re8 27. Rd7 Red8 1/2-1/2

[Event "BCF-chT4S 2324 (4NCL)"]
[Site "England"]
[Date "2024.01.06"]
[Round "3.116"]
[White "Simmons, Michael W"]
[Black "Dairi, Mahmoud"]
[Result "1/2-1/2"]
[WhiteElo "1068"]
[BlackElo "1308"]
[PlyCount "57"]
[EventDate "2024.02.11"]
[EventType "team-swiss"]
[EventRounds "11"]
[EventCountry "ENG"]
[SourceTitle "EXT 2025"]
[Source "ChessBase"]
[SourceDate "2024.10.14"]
[SourceVersion "1"]
[SourceVersionDate "2024.10.14"]
[SourceQuality "1"]
[WhiteTeam "English Deaf Chess Assoc"]
[BlackTeam "Watford"]
[WhiteTeamCountry "ENG"]
[BlackTeamCountry "ENG"]

1. d4 f5 2. Nf3 Nf6 3. e3 e6 4. a3 Be7 5. Be2 0-0 6. 0-0 d6 7. c4 Qe8 8. Nc3 Ne4 9. Qc2 Nxc3 10. Qxc3 Bf6 11. Qb3 Kh8 12. Bd2 b6 13. Bc3 Bb7 14. Rac1 Nd7 15. Rfd1 Qg6 16. d5 e5 17. Qc2 Nc5 18. Nd2 Bc8 19. f4 e4 20. Bxf6 Rxf6 21. b4 Nd7 22. g3 Rf8 23. Re1 Nf6 24. Qd1 Ng4 25. Bxg4 fxg4 26. Qc2 Bf5 27. Nb3 Rae8 28. Nd4 Bd7 29. Rf1 1/2-1/2